Managerial finance

محفوظ في:
التفاصيل البيبلوغرافية
المؤلف الرئيسي: Weston J. Fred
التنسيق: كتاب
منشور في: New York : A harcourt brace jovanovich college publisher, 1916.
الطبعة:9th ed,
سلاسل:The dryden press series in finance
الموضوعات:
الوسوم: إضافة وسم
لا توجد وسوم, كن أول من يضع وسما على هذه التسجيلة!

MARC

LEADER 00000nam a2200000 4500
020 |a 978000558832  |c TZS 56,707.42 
040 |a MUL  |b eng.  |e AACR 
082 |a 658.15 WES 
100 |a Weston J. Fred  
245 |a Managerial finance  |c / Fred J. Weston and Thomas E. Copeland 
250 |a 9th ed, 
260 |a New York :  |b A harcourt brace jovanovich college publisher,  |c 1916. 
300 |a xxi, 1182 p. :  |b ill. ;  |c 26 cm. 
440 |a The dryden press series in finance 
504 |a Includes index. 
546 |a eng. 
650 |a Management 
650 |a Finance 
942 |c BK 
999 |c 4494  |d 4494